000 00281nam a22001337a 4500
008 171215b xxu||||| |||| 00| 0 eng d
020 _a9780697375605
041 _aeng
080 _24TH
_a573
100 _a11
101 _aBIO
245 _aBIOLOGY
_cRAVEN,P.H
942 _2udc
_cBK
999 _c38959
_d38959